| 000 | 01249nam a22003497a 4500 | ||
|---|---|---|---|
| 003 | CHAP | ||
| 005 | 20220329140504.0 | ||
| 008 | 971013s1982 r 10010 d | ||
| 010 | _a52712 | ||
| 011 | _a53684 | ||
| 035 | _a57834 | ||
| 040 | _cCHAP | ||
| 082 |
_a636.3 _bW6 |
||
| 111 | 0 | 0 |
_aWorld Congress on Sheep and Beef Cattle Breeding. ( _d1980 _c: Palmerston North, New Zealand) _9122706 |
| 245 | _aProceedings | ||
| 260 |
_aPalmerston Nort : _bThe Dunmore, _c1982 |
||
| 300 |
_a2 v. _b: ilus. ; gráfs. |
||
| 590 |
_aBATCH-UPD _b10 _c20130110 _lUCH01 _h1313 |
||
| 590 |
_aBATCH-UPD _b10 _c20130410 _lUCH01 _h0826 |
||
| 590 |
_aBATCH-UPD _b10 _c20130914 _lUCH01 _h1510 |
||
| 590 |
_aCONVERSION _b10 _c20130109 _lUCH01 _h1328 |
||
| 650 | 1 | 4 |
_aGanado de carne _xCongresos. _945076 |
| 650 | 1 | 4 |
_aGanado de carne _xGenética. _945084 |
| 650 | 1 | 4 |
_aGanado de carne _xMejoramiento. _945091 |
| 650 | 1 | 4 |
_aGanado lanar _xCongresos. _945164 |
| 650 | 1 | 4 |
_aGanado lanar _xGenética. _945182 |
| 650 | 1 | 4 |
_aGanado lanar _xMejoramiento. _945194 |
| 901 | _aBK | ||
| 942 | _cLIBRO | ||
| 949 |
_a636.3 W6 _bBC _cLIBRO _d33724000136362 _eLIBRO _fv.1 _h59803 _i57834 _mDirecto _si _t707.70 |
||
| 949 |
_a636.3 W6 _bBC _cLIBRO _d33724000136370 _eLIBRO _fv.2 _h59804 _i57834 _si _t707.70 |
||
| 999 |
_c52712 _d52712 |
||